| 000 | 00408nam a2200109Ia 4500 | ||
|---|---|---|---|
| 008 | 220216s9999 xx 000 0 und d | ||
| 100 | _aReghu C P | ||
| 245 | 0 | _aStructural features of rubber wood | |
| 260 | _bIn: Rubber Wood Processing and Utilization in India (Eds. R. Gnanaharan, K. Tharian George and K. Damodaran). Ganesh Publications, Bangalore, India, pp.10-18. | ||
| 650 | _aWood anatomy | ||
| 942 | _cBO | ||
| 999 |
_c48035 _d48035 |
||